Southville International School and Colleges
Your cart is empty.
  • Cart
  • Lists
    Public lists Eva Luna New books Lux_list list_1
    Your lists Log in to create your own lists
  • Log in to your account
  • Your cookies
  • Search history
Southville International School and Colleges
  • Advanced search
  • Recent comments
  • Most popular
  • Libraries

Log in to your account

Log in with GOOGLE


If you do not have an external account, but do have a local account, you can still log in:

  1. Home
  2. MARC view: Strategic management competitiveness and globalization: concept and cases
Normal view MARC view ISBD view

Strategic management competitiveness and globalization: concept and cases (Record no. 366000)

[ view plain ]
MARC details
000 -LEADER
fixed length control field 00822nam a22002417a 4500
003 - CONTROL NUMBER IDENTIFIER
control field 0
005 - DATE AND TIME OF LATEST TRANSACTION
control field 20240527104624.0
008 - FIXED-LENGTH DATA ELEMENTS--GENERAL INFORMATION
fixed length control field 240524b xxu||||| |||| 00| 0 eng d
020 ## - INTERNATIONAL STANDARD BOOK NUMBER
International Standard Book Number 9789815059755
050 ## - LIBRARY OF CONGRESS CALL NUMBER
Classification number HD 30.28
Item number .H586 2023
082 ## - DEWEY DECIMAL CLASSIFICATION NUMBER
Classification number HD 30.28
Item number .H586 2023
100 ## - MAIN ENTRY--PERSONAL NAME
Personal name Michael, Hitt A.
245 ## - TITLE STATEMENT
Title Strategic management competitiveness and globalization: concept and cases
Statement of responsibility, etc Michael A. Hitt
250 ## - EDITION STATEMENT
Edition statement Philippine edition
260 ## - PUBLICATION, DISTRIBUTION, ETC. (IMPRINT)
Place of publication, distribution, etc Taguig City
Name of publisher, distributor, etc Cengage Learning Asia Pte, Ltd. (Philippine Branch)
Date of publication, distribution, etc c2023.
300 ## - PHYSICAL DESCRIPTION
Extent xxiii, 250 pages ;
Dimensions 25cm.
504 ## - BIBLIOGRAPHY, ETC. NOTE
Bibliography, etc Includes notes and indexes.
650 ## - SUBJECT ADDED ENTRY--TOPICAL TERM
Topical term or geographic name as entry element Strategic planning.
650 ## - SUBJECT ADDED ENTRY--TOPICAL TERM
Topical term or geographic name as entry element Industrial management.
650 ## - SUBJECT ADDED ENTRY--TOPICAL TERM
Topical term or geographic name as entry element Strategic management -- Global.
650 ## - SUBJECT ADDED ENTRY--TOPICAL TERM
Topical term or geographic name as entry element Strategic management -- Concept and cases.
942 ## - ADDED ENTRY ELEMENTS (KOHA)
Source of classification or shelving scheme Library of Congress Classification
Koha item type Books
Holdings
Withdrawn status Lost status Source of classification or shelving scheme Damaged status Home library Current library Shelving location Date acquired Source of acquisition Total Checkouts Full call number Barcode Date last seen Price effective from Koha item type Date checked out
    Library of Congress Classification   College Library College Library Reserve Section 05/24/2024 Library Fund   HD 30.28 .H586 2023 C23328 05/24/2024 05/24/2024 Books  
    Library of Congress Classification   College Library College Library Reserve Section 05/24/2024 Library Fund 1 HD 30.28 .H586 2023 C23329 12/15/2025 05/24/2024 Books 11/19/2025

Strategic management competitiveness and globalization: concept and cases

APA

Michael H. A., . (2023). Strategic management competitiveness and globalization: concept and cases. Taguig City: Cengage Learning Asia Pte, Ltd. (Philippine Branch).

Chicago

Michael Hitt A, . 2023. Strategic management competitiveness and globalization: concept and cases. Taguig City: Cengage Learning Asia Pte, Ltd. (Philippine Branch).

Harvard

Michael H. A., . (2023). Strategic management competitiveness and globalization: concept and cases. Taguig City: Cengage Learning Asia Pte, Ltd. (Philippine Branch).

MLA

Michael Hitt A, . Strategic management competitiveness and globalization: concept and cases. Taguig City: Cengage Learning Asia Pte, Ltd. (Philippine Branch). 2023.

  • Place hold
  • Print
  • Cite
  • Add to your cart (remove)
  • Save record
    BIBTEX Dublin Core MARCXML MARC (non-Unicode/MARC-8) MARC (Unicode/UTF-8) MARC (Unicode/UTF-8, Standard) MODS (XML) RIS
  • More searches
    Search for this title in:
    Other Libraries (WorldCat) Other Databases (Google Scholar) Online Stores (Bookfinder.com) Open Library (openlibrary.org)

Exporting to Dublin Core...

SOUTHVILLE LIBRARY

Southville International School and Colleges Library

1281 Tropical Ave. Cor. Luxembourg St., BF Homes International, Las Pinas City

Tel. No. 8256374 / 252358 Loc. 117/146

Powered by Koha